000 01552nam a2200385 a 4500
001 ebr10674790
003 CaPaEBR
006 m o u
007 cr cn|||||||||
008 140122s2013 nju s 000 0 eng d
020 _z9781118111963
020 _z9781118416334 (e-book)
020 _z9781118419076 (e-book)
020 _z9781118533116 (e-book)
040 _aCaPaEBR
_cCaPaEBR
035 _a(OCoLC)842854768
050 1 4 _aHB171.5
_b.E3356 2013eb
082 0 4 _a330
_223
100 1 _aPiros, Christopher D.
245 1 0 _aEconomics for investment decision makers workbook
_h[electronic resource] :
_bmicro, macro, and international economics /
_cChristopher D. Piros and Jerald E. Pinto.
260 _aHoboken, N.J. :
_bWiley,
_cc2013.
300 _a1 online resource (viii, 129 p.).
490 1 _aCFA Investment Institute Series
533 _aElectronic reproduction.
_bPalo Alto, Calif. :
_cebrary,
_d2015.
_nAvailable via World Wide Web.
_nAccess may be limited to ebrary affiliated libraries.
588 _aDescription based on online resource; title from title page (ebrary, viewed April 13, 2013).
650 0 _aSupply and demand.
650 0 _aMicroeconomics.
650 0 _aMacroeconomics.
655 7 _aElectronic books.
_2local
700 1 _aPinto, Jerald E.,
_eauthor.
710 2 _aCFA Institute.
710 2 _aebrary, Inc.
830 0 _aCFA Institute investment series.
856 4 0 _uhttp://site.ebrary.com/lib/rucke/Doc?id=10674790
_zAn electronic book accessible through the World Wide Web; click to view
999 _c57246
_d57246